States of Germany - with Map - Statistics

General Stats
  • This quiz has been taken 34 times
  • The average score is 12 of 16
Answers on the Map
Answers color-coded by a green-red scale on the quiz's map according to % correct below.
 
Answer Stats
Answer % Correct
Bavaria
94%
Berlin
94%
Hamburg
89%
Saxony
89%
Bremen
83%
Hesse
78%
Saarland
78%
Thuringia
78%
Baden-Württemberg
72%
Brandenburg
72%
Lower Saxony
72%
Saxony-Anhalt
72%
North Rhine-Westphalia
67%
Schleswig-Holstein
67%
Mecklenburg-Vorpommern
56%
Rhineland Palatinate
50%
No matching quizzes found
Score Distribution
Percent of People with Each Score
Percentile by Number Answered
Your Score History
You have not taken this quiz